00482 2200181 4500001002100000005001500021008004100036020002200077035001900099041000700118082000800125090001400133100001600147245004200163260003500205300001900240650004100259INLIS00000000001714620241224115245241224||||||||| | ||| |||| || |  a978-602-7768-29-1 0010-1224017146 aid0 a630 a630 NUR m0 aNur Richana00aMenggali Potensi Ubi & Kayu Ubi Jalar aBandungbnuansa cendekiac2013 a122hlm;16x24cm 0aPertanian & Teknologi Yang Berkaitan